| 000 | 00426nam a22001217a 4500 | ||
|---|---|---|---|
| 008 | 230612b xxu||||| |||| 00| 0 eng d | ||
| 082 |
_a354.676 _bGOK |
||
| 100 | _cGOK | ||
| 245 |
_a2009/2010 District Allocation Budget (Recurrent Expenditure) _bEstimates for the year Ending 30th June 2010 _cVote R42 and D42 _hMinistry of Youth Affairs and Sports |
||
| 260 |
_aNairobi, Kenya _bGOK _cJune 2010 |
||
| 300 | _a221p | ||
| 942 |
_2ddc _cBK |
||
| 999 |
_c1073 _d1073 |
||